The philosopher and society in late antiquity : essays in honour of Peter Brown /

محفوظ في:

مؤلفون آخرون: Smith, Andrew, 1945-, Alt, Karin., Brown, Peter, 1935-

التنسيق: كتاب

اللغة: English

منشور في: Swansea : Classical Press of Wales, 2005.

الموضوعات:

الوسوم: إضافة وسم

لا توجد وسوم, كن أول من يضع وسما على هذه التسجيلة!

رقم الطلب: B505 .P45 2005

LEADER 01023namaa2200277 4500
003 OSt
005 20250914090426.0
008 130303s2005 wlka b 011 0 eng d
020 |a 9780954384586 
040 |c ARCE Library 
043 |a e-it--- 
050 4 |a B505 .P45 2005 
245 0 4 |a The philosopher and society in late antiquity :  |b essays in honour of Peter Brown /  |c edited by Andrew Smith ; contributors, Karin Alt ... [et al.]. 
264 1 |a Swansea :  |b Classical Press of Wales,  |c 2005. 
300 |a xiv, 249 pages :  |b illustrations ;  |c 24 cm. 
500 |a Papers from a conference held at University college, Dublin. 
504 |a Includes bibliographical references and index. 
650 0 |a Philosophers, Ancient  |x Social conditions  |v Congresses. 
650 0 |a Hellenism  |v Congresses. 
651 0 |a Rome  |x Politics and government  |y 284-476  |v Congresses. 
700 1 |a Smith, Andrew,   |d 1945- 
700 1 |a Alt, Karin.  |9 25234 
700 1 |a Brown, Peter,  |d 1935- 
901 |a reviewed 
942 |2 lcc  |c BK 
999 |c 8815  |d 8815